000 00575nam a2200169Ia 4500
008 150121s9999 xx 000 0 und d
020 _a2244-159X
245 _aIAMURE :
_bInternational Journal of Mathematics, Engineering & Technology /
_h[electronic resource]
260 _bInternational Association of Multidisciplinary Research,
_c2013.
516 _aElectronic text
650 _aEngineering.
650 _aMathematics.
650 _aTechnology.
830 _aPhilippine E-Journals
856 _uhttp://www.ejournals.ph/index.php?journal=IAMURE-MATH
942 _cEJ
999 _c277026
_d277026